<?xml version="1.0" encoding="UTF-8"?>
<record
    xmlns:xsi="http://www.w3.org/2001/XMLSchema-instance"
    xsi:schemaLocation="http://www.loc.gov/MARC21/slim http://www.loc.gov/standards/marcxml/schema/MARC21slim.xsd"
    xmlns="http://www.loc.gov/MARC21/slim">

  <leader>00973cam a2200325 a 4500</leader>
  <datafield tag="999" ind1=" " ind2=" ">
    <subfield code="c">2709</subfield>
    <subfield code="d">2709</subfield>
  </datafield>
  <controlfield tag="001">220086</controlfield>
  <controlfield tag="003">GBCCL</controlfield>
  <controlfield tag="005">20241126110437.0</controlfield>
  <controlfield tag="008">980417s1998    cau      b    001 0 eng  </controlfield>
  <datafield tag="010" ind1=" " ind2=" ">
    <subfield code="a">   98021603 </subfield>
  </datafield>
  <datafield tag="020" ind1=" " ind2=" ">
    <subfield code="a">0830720731 (hardcover)</subfield>
  </datafield>
  <datafield tag="020" ind1=" " ind2=" ">
    <subfield code="a">9780830720736 (hardcover)</subfield>
  </datafield>
  <datafield tag="020" ind1=" " ind2=" ">
    <subfield code="a">0830720758 (ITPE)</subfield>
  </datafield>
  <datafield tag="020" ind1=" " ind2=" ">
    <subfield code="a">9780830720750 (ITPE)</subfield>
  </datafield>
  <datafield tag="035" ind1=" " ind2=" ">
    <subfield code="a">(OCoLC)ocm39033394</subfield>
  </datafield>
  <datafield tag="035" ind1=" " ind2=" ">
    <subfield code="a">(OCoLC)39033394</subfield>
  </datafield>
  <datafield tag="040" ind1=" " ind2=" ">
    <subfield code="a">DLC</subfield>
    <subfield code="c">DLC</subfield>
    <subfield code="d">BAKER</subfield>
    <subfield code="d">BTCTA</subfield>
    <subfield code="d">YDXCP</subfield>
    <subfield code="d">LBB</subfield>
  </datafield>
  <datafield tag="049" ind1=" " ind2=" ">
    <subfield code="a">LBBK</subfield>
  </datafield>
  <datafield tag="050" ind1="0" ind2="0">
    <subfield code="a">BV4501.2</subfield>
    <subfield code="b">.S4357 1998</subfield>
  </datafield>
  <datafield tag="082" ind1="0" ind2="0">
    <subfield code="a">243</subfield>
    <subfield code="2">21</subfield>
    <subfield code="b">SHE</subfield>
  </datafield>
  <datafield tag="090" ind1=" " ind2=" ">
    <subfield code="a">BV4501.2</subfield>
    <subfield code="b">.S4357 1998</subfield>
  </datafield>
  <datafield tag="100" ind1="1" ind2=" ">
    <subfield code="a">Sheets, Dutch.</subfield>
    <subfield code="9">5579</subfield>
  </datafield>
  <datafield tag="245" ind1="1" ind2="4">
    <subfield code="a">The river of God /</subfield>
    <subfield code="c">Dutch Sheets.</subfield>
  </datafield>
  <datafield tag="260" ind1=" " ind2=" ">
    <subfield code="a">Ventura, Calif. :</subfield>
    <subfield code="b">Renew Books,</subfield>
    <subfield code="c">c1998.</subfield>
  </datafield>
  <datafield tag="300" ind1=" " ind2=" ">
    <subfield code="a">233 p. ;</subfield>
    <subfield code="c">23 cm.</subfield>
  </datafield>
  <datafield tag="504" ind1=" " ind2=" ">
    <subfield code="a">Includes bibliographical references (p. [221]-222) and indexes.</subfield>
  </datafield>
  <datafield tag="520" ind1=" " ind2=" ">
    <subfield code="a">Christian Library of Lancaster Collection.</subfield>
  </datafield>
  <datafield tag="650" ind1=" " ind2="0">
    <subfield code="a">Christian life.</subfield>
    <subfield code="9">183</subfield>
  </datafield>
  <datafield tag="942" ind1=" " ind2=" ">
    <subfield code="2">ddc</subfield>
    <subfield code="c">BK</subfield>
  </datafield>
  <datafield tag="952" ind1=" " ind2=" ">
    <subfield code="0">0</subfield>
    <subfield code="1">0</subfield>
    <subfield code="2">ddc</subfield>
    <subfield code="4">0</subfield>
    <subfield code="7">0</subfield>
    <subfield code="a">GBC</subfield>
    <subfield code="b">GBC</subfield>
    <subfield code="c">MNMS</subfield>
    <subfield code="d">2017-09-13</subfield>
    <subfield code="l">0</subfield>
    <subfield code="o">243 SHE</subfield>
    <subfield code="p">012195</subfield>
    <subfield code="r">2025-05-01 00:00:00</subfield>
    <subfield code="t">c.1</subfield>
    <subfield code="w">2017-09-13</subfield>
    <subfield code="y">BK</subfield>
  </datafield>
  <datafield tag="952" ind1=" " ind2=" ">
    <subfield code="0">0</subfield>
    <subfield code="1">0</subfield>
    <subfield code="2">ddc</subfield>
    <subfield code="4">0</subfield>
    <subfield code="7">0</subfield>
    <subfield code="a">GBC</subfield>
    <subfield code="b">GBC</subfield>
    <subfield code="c">MNMS</subfield>
    <subfield code="d">2017-09-13</subfield>
    <subfield code="l">0</subfield>
    <subfield code="o">243 SHE</subfield>
    <subfield code="p">012196</subfield>
    <subfield code="r">2025-05-01 00:00:00</subfield>
    <subfield code="t">c.2</subfield>
    <subfield code="w">2017-09-13</subfield>
    <subfield code="y">BK</subfield>
  </datafield>
  <datafield tag="952" ind1=" " ind2=" ">
    <subfield code="0">0</subfield>
    <subfield code="1">0</subfield>
    <subfield code="2">ddc</subfield>
    <subfield code="4">0</subfield>
    <subfield code="7">0</subfield>
    <subfield code="a">GBC</subfield>
    <subfield code="b">GBC</subfield>
    <subfield code="c">MNMS</subfield>
    <subfield code="d">2017-09-13</subfield>
    <subfield code="l">0</subfield>
    <subfield code="o">243 SHE</subfield>
    <subfield code="p">012197</subfield>
    <subfield code="r">2025-05-01 00:00:00</subfield>
    <subfield code="t">c.3</subfield>
    <subfield code="w">2017-09-13</subfield>
    <subfield code="y">BK</subfield>
  </datafield>
  <datafield tag="952" ind1=" " ind2=" ">
    <subfield code="0">0</subfield>
    <subfield code="1">0</subfield>
    <subfield code="2">ddc</subfield>
    <subfield code="4">0</subfield>
    <subfield code="7">0</subfield>
    <subfield code="a">GBC</subfield>
    <subfield code="b">GBC</subfield>
    <subfield code="c">MNMS</subfield>
    <subfield code="d">2017-09-13</subfield>
    <subfield code="l">0</subfield>
    <subfield code="o">243 SHE</subfield>
    <subfield code="p">012198</subfield>
    <subfield code="r">2025-05-01 00:00:00</subfield>
    <subfield code="t">c.4</subfield>
    <subfield code="w">2017-09-13</subfield>
    <subfield code="y">BK</subfield>
  </datafield>
  <datafield tag="952" ind1=" " ind2=" ">
    <subfield code="0">0</subfield>
    <subfield code="1">0</subfield>
    <subfield code="2">ddc</subfield>
    <subfield code="4">0</subfield>
    <subfield code="7">0</subfield>
    <subfield code="a">GBC</subfield>
    <subfield code="b">GBC</subfield>
    <subfield code="c">MNMS</subfield>
    <subfield code="d">2017-09-13</subfield>
    <subfield code="l">0</subfield>
    <subfield code="o">243 SHE</subfield>
    <subfield code="p">012199</subfield>
    <subfield code="r">2025-05-01 00:00:00</subfield>
    <subfield code="t">c.5</subfield>
    <subfield code="w">2017-09-13</subfield>
    <subfield code="y">BK</subfield>
  </datafield>
  <datafield tag="952" ind1=" " ind2=" ">
    <subfield code="0">0</subfield>
    <subfield code="1">0</subfield>
    <subfield code="2">ddc</subfield>
    <subfield code="4">0</subfield>
    <subfield code="7">0</subfield>
    <subfield code="a">GBC</subfield>
    <subfield code="b">GBC</subfield>
    <subfield code="c">MNMS</subfield>
    <subfield code="d">2017-09-20</subfield>
    <subfield code="l">0</subfield>
    <subfield code="o">243 SHE</subfield>
    <subfield code="p">012200</subfield>
    <subfield code="r">2025-05-01 00:00:00</subfield>
    <subfield code="t">c.6</subfield>
    <subfield code="w">2017-09-20</subfield>
    <subfield code="y">BK</subfield>
  </datafield>
  <datafield tag="952" ind1=" " ind2=" ">
    <subfield code="0">0</subfield>
    <subfield code="1">0</subfield>
    <subfield code="2">ddc</subfield>
    <subfield code="4">0</subfield>
    <subfield code="7">0</subfield>
    <subfield code="a">GBC</subfield>
    <subfield code="b">GBC</subfield>
    <subfield code="c">MNMS</subfield>
    <subfield code="d">2017-09-20</subfield>
    <subfield code="l">0</subfield>
    <subfield code="o">243 SHE</subfield>
    <subfield code="p">012201</subfield>
    <subfield code="r">2025-05-01 00:00:00</subfield>
    <subfield code="t">c.7</subfield>
    <subfield code="w">2017-09-20</subfield>
    <subfield code="y">BK</subfield>
  </datafield>
  <datafield tag="952" ind1=" " ind2=" ">
    <subfield code="0">0</subfield>
    <subfield code="1">0</subfield>
    <subfield code="2">ddc</subfield>
    <subfield code="4">0</subfield>
    <subfield code="7">0</subfield>
    <subfield code="a">GBC</subfield>
    <subfield code="b">GBC</subfield>
    <subfield code="c">MNMS</subfield>
    <subfield code="d">2017-09-20</subfield>
    <subfield code="l">0</subfield>
    <subfield code="o">243 SHE</subfield>
    <subfield code="p">012202</subfield>
    <subfield code="r">2025-05-01 00:00:00</subfield>
    <subfield code="t">c.8</subfield>
    <subfield code="w">2017-09-20</subfield>
    <subfield code="y">BK</subfield>
  </datafield>
</record>
